| 000 | 00668nam a2200193 i 4500 | ||
|---|---|---|---|
| 001 | 35831 | ||
| 003 | ES-MaACL | ||
| 005 | 20250817125434.0 | ||
| 007 | t| | ||
| 008 | 030214s1974 ec ||||1| spa d | ||
| 100 | 1 |
_aBracht, Fernando. _931240 |
|
| 245 | 1 | 3 |
_aEl misterio de las Meninas : _bhomenaje al pintor Diego Velázquez en el Día de la Raza / _cFernando Bracht. |
| 260 |
_aQuito : _bCasa de la Cultura Ecuatoriana, _c1974. |
||
| 300 |
_a31 p., 10 lám. ; _c18 cm. |
||
| 600 | 1 | 4 |
_aVelázquez, Diego, _d1599-1660. _tLas Meninas _9113800 |
| 710 | 2 |
_aCasa de la Cultura Ecuatoriana. _9173358 |
|
| 852 |
_aES-MaACL _j2097-F-2 |
||
| 999 |
_c35831 _d35831 |
||